| 000 | 00649nam a2200205Ia 4500 | ||
|---|---|---|---|
| 003 | GCL | ||
| 008 | 140319s9999 xx 000 0 ara d | ||
| 040 |
_aGCL / _cGCL |
||
| 082 | 0 | 4 |
_a923.1 _bج م |
| 100 | 1 | _aجويدان | |
| 245 | 1 | 0 |
_aمذكرات الاميرة جويدان ( زوجة الخديوى عباس الثانى ) / _cجويدان |
| 250 | _aالاولى | ||
| 260 |
_aسوريا : _bدار المدى للثقافة والنشر ، _c2004 |
||
| 300 |
_a127 ص ؛ _c21 سم |
||
| 650 | 0 | 4 | _aالمذكرات |
| 650 | 0 | 4 | _aالتراجم الذاتية |
| 650 | 0 | 4 | _aالاميرات |
| 650 | 0 | 4 | _aجويدان |
| 942 |
_2ddc _cBK |
||
| 999 |
_c6867 _d6867 |
||